Ohodnotenie špecifických foriem podnikov (banka, poisťovňa, atď.) diplomová práca

Salvato in:
Dettagli Bibliografici
Autore principale: Dedinský, Peter
Ente Autore: Fakulta podnikového manažmentu EU. Katedra podnikovohospodárska
Altri autori: Jakubec, Miroslav
Natura: Libro
Lingua:slovacco
Pubblicazione: Bratislava 2012
Tags: Aggiungi Tag
Nessun Tag, puoi essere il primo ad aggiungerne!!

MARC

LEADER 00000nbm a2200000 4500
001 0152475
005 20161109102039.7
041 0 |a slo 
044 |a SK 
245 1 0 |a Ohodnotenie špecifických foriem podnikov (banka, poisťovňa, atď.)  |b diplomová práca  |c Peter Dedinský ; školiteľ: Miroslav Jakubec 
264 1 |a Bratislava  |c 2012 
300 |a 83 s. 
100 1 |a Dedinský, Peter 
700 1 |a Jakubec, Miroslav 
710 2 |a Fakulta podnikového manažmentu EU. Katedra podnikovohospodárska